000 002900000a22000970004500
100 1 _aArichea, Daniel C.
245 1 0 _aEl Antiguo Testamento : Algunas cuestiones de traducción
300 _aVol. 6, Num 2 (II Semestre, 1996), Páginas 3-10
773 0 _tTraducción de la Biblia
942 _cANA
999 _c52690
_d52690